[Event "GRE-chT U16"]
[Site "Thessaloniki"]
[Date "2021.12.16"]
[Round "1.2"]
[White "Halkias, Michail Panagiotis"]
[Black "Tagkaloglou, Savvas Stefanos"]
[Result "0-1"]
[WhiteElo "1194"]
[BlackElo "1613"]
[PlyCount "80"]
[EventDate "2021.12.16"]
[EventType "team-swiss"]
[EventRounds "6"]
[EventCountry "GRE"]
[SourceTitle "CBM 205 Extra"]
[Source "ChessBase"]
[SourceDate "2022.01.31"]
[SourceVersion "1"]
[SourceVersionDate "2022.01.31"]
[SourceQuality "1"]
[WhiteTeam "Neapolis Sykeon"]
[BlackTeam "Galaxias"]
[WhiteTeamCountry "GRE"]
[BlackTeamCountry "GRE"]

1. d4 e6 2. c4 b6 3. Nf3 Bb7 4. e3 f5 5. Be2 Bb4+ 6. Nbd2 Nf6 7. 0-0 0-0 8. a3 Bxd2 9. Nxd2 d6 10. b4 Nbd7 11. Qc2 Ne4 12. Nxe4 Bxe4 13. Qd1 Qe8 14. Bb2 Qg6 15. f3 Bb7 16. Rc1 Qg5 17. Qd2 Rf6 18. Bd1 Rh6 19. Qf2 Rf8 20. Bb3 f4 21. exf4 Rxf4 22. Qg3 Qf6 23. Rce1 Rg6 24. Qf2 Rxf3 25. Qe2 Re3 26. Rxf6 Rxe2 27. Rxe2 Rxf6 28. d5 e5 29. Rf2 Rxf2 30. Kxf2 Kf7 31. Ke3 Ke7 32. b5 Bc8 33. h3 Kf6 34. Bc2 g6 35. Bc3 Nc5 36. g4 h5 37. Bd1 hxg4 38. hxg4 Kg5 39. Bd2 Bxg4 40. Kf2+ Kh5 0-1

[Event "Thessaloniki ESSTH HALK-ch U16 11th"]
[Site "Thessaloniki"]
[Date "2018.11.04"]
[Round "2.4"]
[White "Peikos, Rafail"]
[Black "Halkias, Michail Panagiotis"]
[Result "0-1"]
[WhiteElo "1280"]
[BlackElo "1180"]
[PlyCount "56"]
[EventDate "2018.11.03"]
[EventType "swiss"]
[EventRounds "6"]
[EventCountry "GRE"]
[SourceTitle "EXT 2024"]
[Source "ChessBase"]
[SourceDate "2023.10.10"]
[SourceVersion "1"]
[SourceVersionDate "2023.10.10"]
[SourceQuality "1"]

1. Nf3 d5 2. b3 Nf6 3. Bb2 e6 4. g3 Be7 5. Bg2 0-0 6. 0-0 Nbd7 7. d3 Re8 8. Nbd2 c5 9. c4 b6 10. Ne1 Rb8 11. h3 d4 12. Nc2 Qc7 13. b4 Bb7 14. Bxb7 Qxb7 15. Rb1 e5 16. bxc5 Bxc5 17. Ba3 Rbd8 18. Nb3 Qc7 19. Nxc5 Nxc5 20. Bxc5 Qxc5 21. Rb5 Qc7 22. Qb1 Nd7 23. a4 Rb8 24. Nb4 Nc5 25. Nd5 Qd7 26. Qa2 Qxh3 27. Nc7 Re7 28. Rfb1 Rxc7 0-1

[Event "EThessaloniki SSTH HALK-ch U16"]
[Site "Thessaloniki"]
[Date "2017.10.08"]
[Round "2.4"]
[White "Halkias, Michail Panagiotis"]
[Black "Mallios, Sokratis"]
[Result "1-0"]
[WhiteElo "1089"]
[BlackElo "1000"]
[PlyCount "71"]
[EventDate "2017.10.01"]
[EventType "swiss"]
[EventRounds "6"]
[EventCountry "GRE"]
[SourceTitle "EXT 2024"]
[Source "ChessBase"]
[SourceDate "2023.10.10"]
[SourceVersion "1"]
[SourceVersionDate "2023.10.10"]
[SourceQuality "1"]

1. d4 d5 2. c4 e6 3. Nf3 Nc6 4. Nc3 Nf6 5. Bg5 Be7 6. e3 0-0 7. Bd3 Nb4 8. Be2 Nc6 9. Bd3 b6 10. Rc1 Ba6 11. cxd5 exd5 12. Bxa6 Qb8 13. Bxf6 Bxf6 14. Nxd5 Bd8 15. Rxc6 b5 16. Ne5 b4 17. Nd7 Re8 18. Nxb8 Rxb8 19. Nxc7 Rf8 20. Qg4 g6 21. Bd3 Rb7 22. Bxg6 hxg6 23. Rxg6+ fxg6 24. Qxg6+ Kh8 25. Ne6 Rg8 26. Qh5+ Rh7 27. Qe5+ Rhg7 28. Qxg7+ Rxg7 29. Nxg7 Kxg7 30. 0-0 Bc7 31. f4 Kf6 32. e4 Bb6 33. e5+ Ke6 34. f5+ Kf7 35. e6+ Kf6 36. Rd1 1-0